000 00454nam a2200109Ia 4500
008 220216s9999 xx 000 0 und d
100 _aMvint H
245 0 _aSustainable development of low-cost rubber production by smallholders
260 _bThe Outlook for Rubber: Shortage, Sufficiency or Over-Supply ?: Proceedings of the International Rubber Forum 37th Assembly, Phuket, Thailand 15-19 April 1996; p68-78
650 _aRubber production
942 _cJS
999 _c70076
_d70076